<?xml version="1.0" encoding="UTF-8"?>
<record
    xmlns:xsi="http://www.w3.org/2001/XMLSchema-instance"
    xsi:schemaLocation="http://www.loc.gov/MARC21/slim http://www.loc.gov/standards/marcxml/schema/MARC21slim.xsd"
    xmlns="http://www.loc.gov/MARC21/slim">

  <leader>00976nam a2200217Ia 4500</leader>
  <controlfield tag="008">100315s9999    xx            000 0 und d</controlfield>
  <datafield tag="020" ind1=" " ind2=" ">
    <subfield code="a">8121207142&#xA0;</subfield>
  </datafield>
  <datafield tag="040" ind1=" " ind2=" ">
    <subfield code="c">ENGLISH&#xA0;</subfield>
  </datafield>
  <datafield tag="082" ind1=" " ind2=" ">
    <subfield code="b">4037&#xA0;</subfield>
    <subfield code="a">338.900954&#xA0;</subfield>
  </datafield>
  <datafield tag="100" ind1=" " ind2=" ">
    <subfield code="a">"Bhargava, Gopal "</subfield>
  </datafield>
  <datafield tag="245" ind1=" " ind2=" ">
    <subfield code="a">Development of India's urban Rural &amp; Regional Planning in 21st Century : Policy Perspectives</subfield>
  </datafield>
  <datafield tag="260" ind1=" " ind2=" ">
    <subfield code="a">New Delhi&#xA0;</subfield>
    <subfield code="b">Gyan Publishing House &#xA0;</subfield>
    <subfield code="c">2001&#xA0;</subfield>
  </datafield>
  <datafield tag="300" ind1=" " ind2=" ">
    <subfield code="a">309p.&#xA0; </subfield>
  </datafield>
  <datafield tag="365" ind1=" " ind2=" ">
    <subfield code="e">Rupees&#xA0;</subfield>
    <subfield code="d">1&#xA0;</subfield>
    <subfield code="b">600.00&#xA0;</subfield>
  </datafield>
  <datafield tag="366" ind1=" " ind2=" ">
    <subfield code="f">0&#xA0;</subfield>
  </datafield>
  <datafield tag="505" ind1=" " ind2=" ">
    <subfield code="g">Tushar Jadhav&#xA0;</subfield>
  </datafield>
  <datafield tag="620" ind1=" " ind2=" ">
    <subfield code="a">"Urban Planning Scenario for 21st Century Policy Framework, Urban Slums &amp; Squatter Settlements Planning &amp; Policy Issues, Rural Cevelopment &amp; Growth Centre Planning Case Studies &amp; Policy Issues&#xA0;"</subfield>
  </datafield>
  <datafield tag="630" ind1=" " ind2=" ">
    <subfield code="a">Development of India's urban Rural &amp; Regional Planning in 21st Century : Policy Perspectives</subfield>
  </datafield>
  <datafield tag="730" ind1=" " ind2=" ">
    <subfield code="a">Development of India's urban Rural &amp; Regional Planning in 21st Century : Policy Perspectives</subfield>
  </datafield>
  <datafield tag="942" ind1=" " ind2=" ">
    <subfield code="c">BOOK</subfield>
  </datafield>
  <datafield tag="999" ind1=" " ind2=" ">
    <subfield code="c">478772</subfield>
    <subfield code="d">478769</subfield>
  </datafield>
  <datafield tag="952" ind1=" " ind2=" ">
    <subfield code="0">0</subfield>
    <subfield code="1">0</subfield>
    <subfield code="4">0</subfield>
    <subfield code="7">0</subfield>
    <subfield code="a">VPMBRIMS</subfield>
    <subfield code="b">VPMBRIMS</subfield>
    <subfield code="d">2006-01-24</subfield>
    <subfield code="g">600.00</subfield>
    <subfield code="l">0</subfield>
    <subfield code="o">338.900954&#xA0;/BHA&#xA0; 4037&#xA0;</subfield>
    <subfield code="p">VPMBRIMS-4037&#xA0;</subfield>
    <subfield code="r">2010-03-19 00:00:00</subfield>
    <subfield code="w">2010-03-19</subfield>
    <subfield code="y">BOOK</subfield>
  </datafield>
</record>
